World's 100 Best Airports 2015 - Statistics

General Stats
  • This quiz has been taken 873 times
  • The average score is 61 of 100
Answer Stats
Answer % Correct
London Heathrow
94%
London Gatwick
91%
Paris Charles DeGaulle
91%
New York JFK
90%
Narita International
89%
Sydney
89%
Tokyo Intl Haneda
89%
Beijing Capital
88%
Dubai International
88%
Madrid-Barajas
88%
Singapore Changi
88%
Los Angeles
87%
London Stansted
86%
London City
85%
Shanghai Hongqiao
85%
Shanghai Pudong
85%
Amsterdam Schiphol
83%
Barcelona
83%
Moscow Domodedovo
83%
Moscow Sheremetyevo
83%
Chicago O'Hare
81%
Frankfurt
81%
Hong Kong
81%
Melbourne
81%
Incheon International
80%
Toronto Pearson
80%
Bangkok
79%
Gimpo International
79%
Munich
79%
Oslo
79%
Stockholm Arlanda
78%
Istanbul Atatürk
77%
San Francisco Intl
77%
Dallas/Fort Worth
76%
Atlanta
75%
Helsinki-Vantaa
75%
Jakarta International
75%
Perth
75%
Auckland International
74%
Vancouver Intl
74%
Copenhagen
73%
Delhi International
73%
Seattle-Tacoma
73%
Athens
72%
Cape Town International
72%
Dublin
72%
Abu Dhabi Intl
71%
Brussels
71%
Johannesburg
71%
Kansai International
71%
Kuala Lumpur Intl
71%
Lisbon
71%
Zurich
71%
Hamad International
70%
Vienna
70%
Montréal Trudeau
66%
Boston Logan
65%
Taiwan Taoyuan
65%
Brisbane
63%
Denver International
63%
Manchester
63%
Prague
61%
Budapest International
60%
Guangzhou
59%
Hamburg
57%
Lima
55%
Bogota El Dorado
54%
Adelaide
53%
Geneva
52%
Detroit Wayne County
51%
Nice Côte d'Azur
45%
Dusseldorf
44%
Birmingham
42%
Cologne/Bonn
42%
Bahrain International
40%
Chengdu
39%
Christchurch
39%
Shenzhen
39%
Central Japan Intl
38%
Keflavik
38%
Minneapolis-St Paul
38%
Muscat International
38%
Xi'an International
38%
Porto
37%
Durban International
32%
Bengaluru
25%
Panama
25%
Gold Coast
22%
Luxembourg
20%
Fukuoka
19%
Cincinnati International
17%
Hyderabad
16%
Raleigh-Durham
12%
Guayaquil
10%
Halifax Stanfield
10%
Malta International
10%
Mauritius
8%
Billund
6%
Haikou International
6%
Sanya International
4%
No matching quizzes found
Score Distribution
Percent of People with Each Score
Percentile by Number Answered
Your Score History
You have not taken this quiz